000 00330nam a2200133Ia 4500
005 20251222140029.0
008 251222s1900||||xx |||||||||||||| ||spa||
020 _a84-7509-669-7
082 _a123/R84
100 _aRorty, Richard
245 0 _aContingencia, Ironía y Solidaridad
264 _bPaidós Ibérica S.A.
942 _cLIB
999 _c2888
_d2888